Sports Quiz

Random Sports or Baseball Quiz

AL Leadoff Hitters of the 1990s Quiz Stats

 Plays Quiz Updated Apr 15, 2018

Challenge
Share
Tweet
Embed
Score 0/140 Timer 14:00
2 Plays Today
Team Player % Correct
Oakland AthleticsRickey Henderson
92.2%
Oakland AthleticsRickey Henderson
92.2%
Oakland AthleticsRickey Henderson
92.2%
Oakland AthleticsRickey Henderson
92.2%
Oakland AthleticsRickey Henderson
92.2%
Oakland AthleticsRickey Henderson
92.2%
Oakland AthleticsRickey Henderson
92.2%
Cleveland IndiansKenny Lofton
75.5%
Cleveland IndiansKenny Lofton
75.5%
Cleveland IndiansKenny Lofton
75.5%
Cleveland IndiansKenny Lofton
75.5%
Cleveland IndiansKenny Lofton
75.5%
Cleveland IndiansKenny Lofton
75.5%
Cleveland IndiansKenny Lofton
75.5%
New York YankeesDerek Jeter
72.7%
Baltimore OriolesBrady Anderson
71.8%
Baltimore OriolesBrady Anderson
71.8%
Baltimore OriolesBrady Anderson
71.8%
Baltimore OriolesBrady Anderson
71.8%
Baltimore OriolesBrady Anderson
71.8%
Baltimore OriolesBrady Anderson
71.8%
Baltimore OriolesBrady Anderson
71.8%
Baltimore OriolesRoberto Alomar
58.4%
New York YankeesBernie Williams
56.9%
Boston Red SoxWade Boggs
56.5%
Boston Red SoxWade Boggs
56.5%
Boston Red SoxWade Boggs
56.5%
New York YankeesWade Boggs
56.5%
Milwaukee BrewersPaul Molitor
54.9%
Milwaukee BrewersPaul Molitor
54.9%
Minnesota TwinsChuck Knoblauch
54.4%
New York YankeesChuck Knoblauch
54.4%
New York YankeesChuck Knoblauch
54.4%
Minnesota TwinsChuck Knoblauch
54.4%
Minnesota TwinsChuck Knoblauch
54.4%
Minnesota TwinsChuck Knoblauch
54.4%
Minnesota TwinsChuck Knoblauch
54.4%
Toronto Blue JaysDevon White
52.7%
Toronto Blue JaysDevon White
52.7%
Toronto Blue JaysDevon White
52.7%
Toronto Blue JaysDevon White
52.7%
Toronto Blue JaysDevon White
52.7%
Chicago White SoxLance Johnson
52.4%
Minnesota TwinsJacque Jones
45.1%
Boston Red SoxNomar Garciaparra
41.7%
Toronto Blue JaysMookie WIlson
41.6%
Chicago White SoxTim Raines
40.5%
Team Player % Correct
Chicago White SoxTim Raines
40.5%
Chicago White SoxTim Raines
40.5%
Chicago White SoxTim Raines
40.5%
Kansas City RoyalsJohnny Damon
39.5%
Seattle MarinersEdgar Martinez
37.7%
Seattle MarinersOmar Vizquel
36.8%
Seattle MarinersOmar Vizquel
36.8%
Boston Red SoxOtis Nixon
32.8%
Texas RangersOtis Nixon
32.8%
Toronto Blue JaysOtis Nixon
32.8%
Toronto Blue JaysOtis Nixon
32.8%
Minnesota TwinsOtis Nixon
32.8%
California/Anaheim AngelsDarin Erstad
32.6%
California/Anaheim AngelsDarin Erstad
32.6%
Cleveland IndiansAlex Cole
28.5%
Detroit TigersBrian Hunter
27.9%
Seattle MarinersBrian Hunter
27.9%
Detroit TigersBrian Hunter
27.9%
Cleveland IndiansMarquis Grissom
27.3%
New York YankeesSteve Sax
26.3%
Minnesota TwinsDan Gladden
26.2%
Minnesota TwinsDan Gladden
26.2%
Seattle MarinersJoey Cora
25.9%
Seattle MarinersJoey Cora
25.9%
Seattle MarinersJoey Cora
25.9%
Seattle MarinersJoey Cora
25.9%
Kansas City RoyalsCarlos Beltran
25.5%
Kansas City RoyalsVince Coleman
25.1%
Kansas City RoyalsVince Coleman
25.1%
Seattle MarinersHarold Reynolds
24.5%
California/Anaheim AngelsTony Phillips
24.3%
California/Anaheim AngelsTony Phillips
24.3%
Chicago White SoxTony Phillips
24.3%
Detroit TigersTony Phillips
24.3%
Detroit TigersTony Phillips
24.3%
Detroit TigersTony Phillips
24.3%
Detroit TigersTony Phillips
24.3%
Detroit TigersTony Phillips
24.3%
Oakland AthleticsTony Phillips
24.3%
Chicago White SoxRay Durham
23.5%
Chicago White SoxRay Durham
23.5%
Chicago White SoxRay Durham
23.5%
New York YankeesRoberto Kelly
19.5%
Toronto Blue JaysShannon Stewart
17.8%
Toronto Blue JaysShannon Stewart
17.8%
Milwaukee BrewersPat Listach
16.6%
Milwaukee BrewersPat Listach
16.6%
Team Player % Correct
Kansas City RoyalsBrian McRae
16.6%
Boston Red SoxDarren Lewis
15.1%
California/Anaheim AngelsLuis Polonia
15%
California/Anaheim AngelsLuis Polonia
15%
California/Anaheim AngelsLuis Polonia
15%
California/Anaheim AngelsLuis Polonia
15%
Detroit TigersLuis Polonia
15%
New York YankeesLuis Polonia
15%
New York YankeesLuis Polonia
15%
Milwaukee BrewersDarryl Hamilton
14.9%
Texas RangersDarryl Hamilton
14.9%
Texas RangersGary Pettis
13.6%
Baltimore OriolesSteve Finley
13.4%
Kansas City RoyalsKeith Miller
11.7%
Boston Red SoxJose Offerman
11.4%
Kansas City RoyalsJose Offerman
11.4%
Kansas City RoyalsJose Offerman
11.4%
California/Anaheim AngelsChad Curtis
10.8%
Detroit TigersChad Curtis
10.8%
Detroit TigersChad Curtis
10.8%
Milwaukee BrewersJody Reed
10.4%
Kansas City RoyalsKevin Seitzer
10%
Milwaukee BrewersFernando Vina
9.8%
Milwaukee BrewersFernando Vina
9.8%
Minnesota TwinsShane Mack
9.6%
Texas RangersBrian Downing
9.6%
Texas RangersBrian Downing
9.6%
Chicago White SoxSammy Sosa
9.3%
Texas RangersTom Goodwin
9.2%
Texas RangersMark McLemore
8.9%
Texas RangersMark McLemore
8.9%
Baltimore OriolesMike Devereaux
8.5%
California/Anaheim AngelsRandy Velarde
7.7%
Boston Red SoxScott Fletcher
6.7%
Tampa Bay Devil RaysRandy Winn
6.1%
Boston Red SoxDarren Bragg
5.4%
Cleveland IndiansJerry Browne
5.1%
Texas RangersDavid Hulse
5.1%
Texas RangersDavid Hulse
5.1%
Seattle MarinersRich Amaral
3.9%
Kansas City RoyalsFelix Jose
3.6%
Tampa Bay Devil RaysMiguel Cairo
3.3%
Boston Red SoxLee Tinsley
3.1%
New York YankeesAndy Stankiewicz
1.7%
Oakland AthleticsDamon Mashore
0.9%
Oakland AthleticsJose Herrera
0.8%

You're not logged in!

Compare scores with friends on all Sporcle quizzes.
OR
Log In

You Might Also Like...

Show Comments

Extras

Top Quizzes Today


Score Distribution

Your Account Isn't Verified!

In order to create a playlist on Sporcle, you need to verify the email address you used during registration. Go to your Sporcle Settings to finish the process.

Report this User

Report this user for behavior that violates our Community Guidelines.

Details: